Výroba a spotreba energie v poľnohospodárstve Sebestačnosť poľnohospodárstva v zásobovaní energiou 1

Bibliographic Details
Main Author: Lifka, Eduard, 1928-1987 (Author)
Format: Article
Language:Slovak
PhysicalDescription:Obr. 2.
Subjects:

MARC

LEADER 00000nab a2200000 a 4500
001 vtls000159926
003 SK-MaSNL
005 20260304032426.0
008 111104c1983 xo 0 slo
015 |a SNBRB19rr/mm-uuuuu 
035 |a CL0170036 
040 |a SNKBUCL  |b slo  |c SNKBUCL  |e AACR2 
041 0 |a slo 
044 |a xo  |c SK 
080 |a 620.9:631  |2 1981 
080 |a 631  |2 1981 
100 1 |a Lifka, Eduard,  |d 1928-1987  |4 aut  |9 160970 
245 1 0 |a Výroba a spotreba energie v poľnohospodárstve  |b Sebestačnosť poľnohospodárstva v zásobovaní energiou 1  |c Eduard Lifka 
300 |b Obr. 2. 
650 0 7 |a poľnohospodárstvo  |2 snkbucl  |9 679 
650 0 7 |a energetika  |2 snkbucl  |9 3680 
650 0 7 |a energia  |2 snkbucl  |9 15416 
655 7 |a články z novín a časopisov  |2 snkbucl  |9 267496 
773 0 |t Technické noviny  |g Roč. 31, č. 38 (1983), s. 8 
850 |a Slovenská národná knižnica v Martine  |a MTA001 
852 |a SNK  |b KIS3GCP 
958 |a RK 
992 |a RBX 
999 |c 2643049  |d 2644979